000 00465nam a2200181Ia 4500
008 180207s9999 xx 000 0 und d
020 _a9780525461746
050 _bT244 2004
100 _aTaylor, Mark
245 4 _aThe frog house /
245 _cMark Taylor ; illustrated by Barbara Garrison.
260 _aNew York :
260 _bDutton Children's Books,
260 _c2004
300 _aunpaged :
300 _bcolor illustration ;
300 _c28cm.
999 _c355441
_d355441